|
|
|
|
| LEADER |
00000nam0a2200000 4500 |
| 001 |
352494 |
| 005 |
20231102010514.0 |
| 035 |
|
|
|a (RuTPU)RU\TPU\retro\9108
|
| 090 |
|
|
|a 352494
|
| 100 |
|
|
|a 20200114d1924 k y0rusy50 ca
|
| 101 |
0 |
|
|a rus
|
| 102 |
|
|
|a RU
|
| 105 |
|
|
|a y z 000zy
|
| 200 |
1 |
|
|a Влияние температуры на внутреннее трение парафина
|e [оттиск статьи]
|f В. Д. Кузнецов
|
| 210 |
|
|
|a Томск
|c Томский государственный университет
|d 1924
|
| 215 |
|
|
|a 2 с.
|
| 225 |
1 |
|
|a Известия Томского Государственного Университета
|v Т. 74
|
| 320 |
|
|
|a Библиогр. в примеч.
|
| 606 |
1 |
|
|a Трение внутреннее
|2 stltpush
|3 (RuTPU)RU\TPU\subj\61566
|9 78754
|
| 606 |
1 |
|
|a Парафин
|2 stltpush
|3 (RuTPU)RU\TPU\subj\34040
|9 56103
|
| 610 |
1 |
|
|a коллекция ТПУ
|
| 610 |
1 |
|
|a труды учёных ТПУ
|
| 610 |
1 |
|
|a оттиски
|
| 610 |
1 |
|
|a кинетическая теория
|
| 610 |
1 |
|
|a формулы
|
| 610 |
1 |
|
|a опыты
|
| 610 |
1 |
|
|a кристаллиты
|
| 675 |
|
|
|a 539.67
|v 4
|
| 675 |
|
|
|a 665.637.7
|v 4
|
| 700 |
|
1 |
|a Кузнецов
|b В. Д.
|c русский физик
|c профессор, академик АН СССР
|c преподавал в ТТИ и на Сибирских высших женских курсах
|c с 1917 преподавал в ТГУ, директор СФТИ (1929-1933, 1937-1960)
|f 1887-1963
|g Владимир Дмитриевич
|2 stltpush
|3 (RuTPU)RU\TPU\pers\18076
|
| 801 |
|
1 |
|a RU
|b 63413507
|c 20200114
|
| 942 |
|
|
|c BK
|